| 000 | 02303cam a2200313 4500500 | ||
|---|---|---|---|
| 005 | 20251228050049.0 | ||
| 041 | _afre | ||
| 042 | _adc | ||
| 100 | 1 | 0 |
_aDov Hercenberg, Bernard _eauthor |
| 245 | 0 | 0 | _aLe mythe de Déméter et la tension entre la séparation tentée et la séparation impossible |
| 260 | _c2005. | ||
| 500 | _a33 | ||
| 520 | _aL'ébranlement d'une relation naturelle et fusionnelle entre Perséphone et sa mère, la déesse des moissons Déméter, est l'occasion d'une réflexion sur une problématique centrale à tout processus d'émergence : la confrontation à la séparation. L'enlèvement de la jeune fille par son oncle, le roi des morts, le refus de la Korê de s'unir à lui, le compromis trouvé entre la volonté d'Hadès et les incessantes résistances de la mère et de la fille face à la séparation, nous conduisent à une interrogation sur le travail du négatif, plus précisément sur la tension entre séparation nécessaire et séparation impossible et sur le sens de cette tension pour le processus créateur. | ||
| 520 | _aThe perturbation of a natural and inseparable relationship between Persephone and her mother, Demeter, the goddess of harvests, provides the opportunity to reflect on a central problem to every process of emergence: being faced with separation. The abduction of the young girl by her uncle, the king of the dead; the refusal of Kore to join with him in marriage; the compromise found between Hades' desires and the continuous resistance of mother and daughter when faced with separation; all these lead us to pose questions about the working of the negative, or more precisely, the tension between necessary and impossible separation, and the meaning of this tension for the creative process. | ||
| 690 | _aCompromis | ||
| 690 | _aImpossible | ||
| 690 | _aNégatif | ||
| 690 | _aProcessus créateur | ||
| 690 | _aSéparation | ||
| 690 | _aSurmontement | ||
| 690 | _aCompromise | ||
| 690 | _aCreative process | ||
| 690 | _aImpossible | ||
| 690 | _aNegative | ||
| 690 | _aSeparation | ||
| 690 | _aSurmounting | ||
| 786 | 0 | _nArchives de philosophie | 68 | 1 | 2005-03-01 | p. 95-105 | 0003-9632 | |
| 856 | 4 | 1 | _uhttps://shs.cairn.info/revue-archives-de-philosophie-2005-1-page-95?lang=fr&redirect-ssocas=7080 |
| 999 |
_c1579727 _d1579727 |
||